| 000 | 01568nam a2200229Ia 4500 | ||
|---|---|---|---|
| 003 | Ost | ||
| 005 | 20260507074848.0 | ||
| 008 | 260507s9999||||xx |||||||||||||| ||und|| | ||
| 040 | _cfsecg | ||
| 041 | _aara | ||
| 082 | _a657 | ||
| 100 |
_aميجر، روبرت _eمؤلف |
||
| 245 | 0 |
_aالمحاسبة أساس لقرارات الأعمال : _bالجزء الأول / _c روبرت ميجر |
|
| 260 |
_aالرياض: _bدار المريخ, _c2006 |
||
| 300 |
_a847 صفحة؛ _bإيضاحات ؛ _c28 سم |
||
| 520 | _aيضم الكتاب في جزئه الأول المحاسبة، توفير المعلومات لإتخاذ القرارات، القوائم المالية الأساسية والدورة المحاسبية ،معالجة الأحداث الاقتصادية، اعداد التقرير السنوي، المحاسبة عن الأنشطة التجارية، صور تنظيم المنشآت، الأصول المالية، المخزون وتكلفة البضاعة المباعة، الأصول الثابتة والاهلاك، الالتزامات، حق ملكية المساهمين فيما يخص رأس المال المدفوع الدخل والتغيرات في المكاسب أو الأرباح المحتجزة، قائمة التدفقات النقدية، تحليل القوائم المالية. | ||
| 653 | _aإتخاذ القرارات- الإدارة | ||
| 653 | _aإدارة الأعمال | ||
| 653 | _aالمحاسبة | ||
| 700 |
_aهاكا، سوزان وآخرون _eمؤلف ثانوي |
||
| 942 | _cكتاب | ||
| 999 |
_c41549 _d41549 |
||